000 00960nam a22003257a 4500
003 CHAP
005 20220329135731.0
008 971013s1982 r 00010 d
010 _a41258
011 _a42230
035 _a46358
040 _cCHAP
082 _a330.3
_bF3 1982
110 _aFondo Monetario Internacional
_942119
245 _aIMF golssary
_b: English-French-Spanish
250 _a2 ed.
260 _aWashington :
_bEl Fondo,
_c1982
300 _a292 p.
490 _aGlo. 2-82
590 _aBATCH-UPD
_b10
_c20130110
_lUCH01
_h1633
590 _aBATCH-UPD
_b10
_c20130410
_lUCH01
_h1025
590 _aBATCH-UPD
_b10
_c20130914
_lUCH01
_h1113
590 _aCONVERSION
_b10
_c20130109
_lUCH01
_h1323
650 1 4 _aCuestión monetaria.
_930120
650 1 4 _aEconomía
_xTerminología.
_935255
830 0 _aGlo. 2-82
_948291
901 _aBK
942 _cLIBRO
949 _a330.3 F3 1982
_bBC
_cC
_d33724000529764
_eC
_gI.127595
_h67200
_i46358
_si
999 _c41258
_d41258